000 00602nam a2200217 4500
003 OSt
005 20240614015049.0
006 a
008 240614b |||||||| |||| 00| 0 eng d
020 _a9710817132
040 _aDWCL-Main lib.
_cOC
082 _2Third edition
_aCirc. 512 V277m 1984
100 _aVance, Elbridge
245 _aModern algebra and trigonometry /
250 _aThird edition
260 _aManila :
_bNational Book Store,
_cc1984.
300 _b436 p. ;
_c21 cm.
504 _aInclude index.
700 _aElbridge Vance
942 _2ddc
_n0
_cBK-CIRC
_eThird edition
_kCirc.
999 _c669
_d669